书目信息 |
| 题名: |
外国历史大事年表
|
|
| 作者: | 王治邦 , 曲培洛 , 唐承运 , 于庆和 编 | |
| 分册: | ||
| 出版信息: | 沈阳 辽宁人民出版社 1985 |
|
| 页数: | 465页 | |
| 开本: | 20cm | |
| 丛书名: | ||
| 单 册: | ||
| 中图分类: | K108 | |
| 科图分类: | ||
| 主题词: | 世界史--历史年表 | |
| 电子资源: | ||
| ISBN: | ||
| 000 | 00867nam0 2200277 45 | |
| 001 | 0185015739 | |
| 005 | 20050508090551.7 | |
| 010 | @dCNY2.70 | |
| 091 | @a11090.108 | |
| 100 | @a19901008d1985 em y0chiy0121 ea | |
| 101 | 0 | @achi |
| 102 | @aCN@b210000 | |
| 105 | @ay z 000yy | |
| 200 | 10 | @a外国历史大事年表@Awai guo li shida shi nian biao@e公元前4500年~公元1945年@EGong Yuan Qian 4500 Nian~Gong Yuan 1945 Nian@f王治邦等编@FWang ZhiBang Deng Bian |
| 210 | @a沈阳@c辽宁人民出版社@d1985 | |
| 215 | @a465页@d20cm | |
| 517 | @a公元前4500年~公元1945年@AGong Yuan Qian 4500 Nian~Gong Yuan 1945 Nian | |
| 606 | @a世界史@x历史年表 | |
| 690 | @aK108@v3 | |
| 701 | 0 | @a王治邦@4编 |
| 701 | 0 | @a曲培洛@4编 |
| 701 | 0 | @a唐承运@4编 |
| 701 | 0 | @a于庆和@4编 |
| 801 | 0 | @aCN@b深圳图书馆@c20040507 |
| 801 | 2 | @aCN@bNLC@c20040507 |
| 905 | @dK108@e28@f1@b255629 | |
| 外国历史大事年表:公元前4500年~公元1945年/王治邦等编.-沈阳:辽宁人民出版社,1985 |
| 465页;20cm |
| ISBN :CNY2.70 |
| ● |
| 相关链接 |
|
|
|
|
正题名:外国历史大事年表
索取号:K108/28
 
预约/预借
| 序号 | 登录号 | 条形码 | 馆藏地/架位号 | 状态 | 备注 |
| 1 | 0142518 | 001416710 | 密集书库/ [索取号:K108/28] | 在馆 | |
| 2 | 0142519 | 001416729 | 第二样本阅览室/ [索取号:K108/28] | 在馆 | |
| 3 | 0255626 | 001418282 | 密集书库/ [索取号:K108/28] | 在馆 | |
| 4 | 0255627 | 001217310 | 密集书库/ [索取号:K108/28] | 在馆 | |
| 5 | 0255628 | 001217301 | 密集书库/ [索取号:K108/28] | 在馆 | |
| 6 | 0255629 | 002028460 | 密集书库/ [索取号:K108/28] | 在馆 | |
| 7 | 0255630 | 001217659 | 密集书库/ [索取号:K108/28] | 在馆 |